000 00451nam a22001817a 4500
003 CEME
005 20210628210243.0
008 210216b xxu||||| |||| 00| 0 eng d
020 _a969-35-0542-X
040 _c.
082 _a910.4 SAE
100 _aSaeed Assi
_978746
245 _aAgay moar judai ka thaw safar nama china
260 _aLAHORE
_bSANG-E-MEEL
_c1994
300 _a160P
650 _aURDU ADAB-SAFERNAMA
_978747
942 _cBK
_2ddc
999 _c583832
_d583832